Top 10 NBA Players - Statistics

General Stats
  • This quiz has been taken 1,287 times
  • The average score is 6 of 10
Answer Stats
Rank Player % Correct
1 LeBron James
99%
5 Kobe Bryant
76%
2 Kevin Durant
72%
8 Dwyane Wade
61%
9 Russell Westbrook
59%
7 Chris Paul
48%
10 Dirk Nowitzki
43%
4 Derrick Rose
42%
6 Carmelo Anthony
41%
3 Dwight Howard
41%
No matching quizzes found
Score Distribution
Percent of People with Each Score
Percentile by Number Answered
Your Score History
You have not taken this quiz